000
00280nam a2200109Ia 4500
008
230907s9999||||xx |||||||||||||| ||und||
082
_a
670.42
_b
KAL
245
0
_a
Manufacturing engineering and technology /
260
_a
Pearson,
_b
Noida :
_c
2018
300
_a
1180 p.
942
_c
BK
999
_c
600322
_d
600322